000 00866nam a2200265Ia 4500
003 GCL
005 20240530104654.0
008 140319s9999 xx 000 0 ara d
020 _a9770001400
040 _aGCL /
_cGCL
082 0 4 _a158.4
_bم م
100 1 _aمحمد عبدالغنى حسن هلال
245 1 0 _aمهارات التفكير الابتكارى:
_bGREATIVE THINKING SKILLS كيف تكون مبدعا ؟ /
_cمحمد عبدالغنى حسن هلال
246 _aGREATIVE THINKING SKILLS
250 _aط2
260 _aالقاهرة :
_bالمؤلف ،
_c1997
300 _a155 ص ؛
_c24سم
490 _aمجموعة مهارات تطوير الاداء
_v0
650 0 4 _aالقيادة
650 0 4 _aالابتكار
650 0 4 _aالالهام
650 0 4 _aالابداع
650 0 4 _aالتفكير
942 _2ddc
_cBK
999 _c49710
_d49710